| 000 | 00837ctm a22002175a 4500 | ||
|---|---|---|---|
| 001 | L140353 | ||
| 008 | 070919s1806 jm a 0 eeng u | ||
| 035 | _a(Sirsi) u140353 | ||
| 041 | 0 | _aeng | |
| 100 | 1 | _aStevenson, Alexander | |
| 245 | 0 | 2 |
_aA Plan of Lowlayton Sugar Plantations in the Parish of Saint George, Jamaica, surveyed at request of Joseph Green Esquire Attorney to the proprietor Alexander Donaldson Esquire A. D. 1806 _h[cartographic material] |
| 255 | _aScale 1:7920 | ||
| 260 | _c1806 | ||
| 300 |
_a1 map _bparchment, col. _c48 x 60 cm. |
||
| 500 | _aInset gives references to land utilisation. | ||
| 500 | _aNicholas Smith, Script. | ||
| 500 | _aSurveyed by Alexander Stevenson | ||
| 651 | 4 | _aJamaica | |
| 690 | _aENVIRONMENTAL AND LAND CONSULTANCY-GEOMATICS-MAPPING AND POSITIONING-CARTOGRAPHY | ||
| 942 | _n0 | ||
| 999 |
_c116845 _d116845 |
||